Music Quiz

Random Music or Artist Quiz

Music Anagrams Quiz Stats

 Plays Quiz not verified by Sporcle

Score 0/8 Timer 10:00
0 Plays Today
Hint The Song % Correct
twih uyor vloeWith Your Love
80.5%
tnohare neo tiebs het sudtAnother One Bites The Dust
80.5%
ared lal btoau tiRead All About It
78%
tho gihtr wnoHot Right Now
78%
pusbasereSuperbass
63.4%
ym irfned tpereMy Friend Peter
63.4%
lapheiAlphie
34.1%
4.9%

You're not logged in!

Compare scores with friends on all Sporcle quizzes.
OR
Log In

Show Comments

Extras

Top Quizzes Today


Score Distribution

Your Account Isn't Verified!

In order to create a playlist on Sporcle, you need to verify the email address you used during registration. Go to your Sporcle Settings to finish the process.

Report this User

Report this user for behavior that violates our Community Guidelines.

Details: